<?xml version="1.0" encoding="UTF-8"?>
<record
    xmlns:xsi="http://www.w3.org/2001/XMLSchema-instance"
    xsi:schemaLocation="http://www.loc.gov/MARC21/slim http://www.loc.gov/standards/marcxml/schema/MARC21slim.xsd"
    xmlns="http://www.loc.gov/MARC21/slim">

  <leader>00672nam a2200217 i 4500</leader>
  <controlfield tag="001">bgj</controlfield>
  <datafield tag="100" ind1="1" ind2=" ">
    <subfield code="a">ABBS, Brian</subfield>
  </datafield>
  <datafield tag="245" ind1="1" ind2="0">
    <subfield code="a">Sky :</subfield>
    <subfield code="b">students' book : podr&#x119;cznik do szko&#x142;y podstawowej /</subfield>
    <subfield code="c">Brian Abbs, Ingrid Freebairn ; Dorota Sapiejewska.</subfield>
  </datafield>
  <datafield tag="260" ind1=" " ind2=" ">
    <subfield code="a">Harlow, Essex :</subfield>
    <subfield code="b">Longman,</subfield>
    <subfield code="c">2005.</subfield>
  </datafield>
  <datafield tag="300" ind1=" " ind2=" ">
    <subfield code="a">119 pp :</subfield>
    <subfield code="b">ill. ;</subfield>
    <subfield code="c">30 cm.</subfield>
  </datafield>
  <datafield tag="650" ind1=" " ind2="9">
    <subfield code="a">English language</subfield>
    <subfield code="x">Primary Schools</subfield>
  </datafield>
  <datafield tag="655" ind1=" " ind2=" ">
    <subfield code="a">Textbooks for foreigners</subfield>
  </datafield>
  <datafield tag="700" ind1="1" ind2=" ">
    <subfield code="a">FREEBAIRN, Ingrid.</subfield>
    <subfield code="e">co-author</subfield>
  </datafield>
  <datafield tag="700" ind1="1" ind2=" ">
    <subfield code="a">SAPIEJEWSKA, Dorota.</subfield>
    <subfield code="e">co-author</subfield>
  </datafield>
  <datafield tag="020" ind1=" " ind2=" ">
    <subfield code="a">0582838479</subfield>
  </datafield>
  <datafield tag="040" ind1=" " ind2=" ">
    <subfield code="c">BPK</subfield>
  </datafield>
  <datafield tag="041" ind1="0" ind2=" ">
    <subfield code="a">eng</subfield>
  </datafield>
  <datafield tag="920" ind1=" " ind2=" ">
    <subfield code="a">0-582-83847-9</subfield>
  </datafield>
  <datafield tag="942" ind1=" " ind2=" ">
    <subfield code="c">KS</subfield>
  </datafield>
  <controlfield tag="008">      s        uk     f     |000 0 eng  </controlfield>
  <datafield tag="999" ind1=" " ind2=" ">
    <subfield code="c">49015</subfield>
    <subfield code="d">49015</subfield>
  </datafield>
  <datafield tag="952" ind1=" " ind2=" ">
    <subfield code="0">0</subfield>
    <subfield code="1">0</subfield>
    <subfield code="4">0</subfield>
    <subfield code="7">0</subfield>
    <subfield code="a">BPK</subfield>
    <subfield code="b">BPK</subfield>
    <subfield code="c">kw</subfield>
    <subfield code="o">KA 6397</subfield>
    <subfield code="p">09045972</subfield>
    <subfield code="y">KS</subfield>
  </datafield>
</record>
